Statistics for Aviation Companies Quiz

Click here to take the quiz!

General Stats

  • This quiz has been taken 158 times
  • The average score is 6 of 15

Answer Stats

HintAnswer% Correct
A Ukrainian aircraft manufacturing company which owns the world's largest operational cargo planeAntonov
91%
Based in Brazil and is the third largest airliner manufacturer in the worldEmbraer
82%
Founded in Seattle by William BoeingBoeing
75%
The world's largest airliner manufacturer in 2019 and is based in FranceAirbus
72%
A Canadian company which manufactures business jets as well as trams and trainsBombardier
58%
A Swiss company known for the PC-12 AircraftPilatus
57%
A well known Japanese car brand which makes aircraft as wellMitsubishi
43%
It's the world's largest defense contractor and is based out of MarylandLockheed Martin
40%
A French company which manufactures turboprop aeroplanesATR
36%
A Chinese state-owned aerospace manufacturer founded in 2008Comac
21%
This company owns the Beechcraft, Hawker and Cessna brandsTextron Aviation
17%
A general aviation manufacturing company owned by Brunei but based in Florida.Piper
12%
An American company known to manufacture general aviation planesCirrus
10%
This Russian company owns the Ilyushin, Sukhoi, Tupolev and Yakovlev brandsUAC
5%
An Australian light aircraft company named after an Australian birdJabiru Aircraft
1%

Score Distribution

Percentile by Number Answered

Percent of People with Each Score

Your Score History

You have not taken this quiz